00826cam a22002651 45000010008000000030009000080050017000170080041000340100017000750200015000920350018001070400036001250420012001610500015001730820014001881000034002022450072002362500020003082600054003283000055003825040032004376500018004696510030004876510043005177801395BDDh-ASL20231015030115.0720406s1927 nyubf b 000 0 eng  a 27013321  a0837123097 a(OCoLC)276448 aDLCcOClWdOCoLCdDLCdBDDh-ASL apremarc00aDS421b.M4 a954bMAM 1 aMayo, Katherine,d1868?-1940.10aMother India/ cby Katherine Mayo ... With forty-one illustrations. a16th impression aNew York : bHarcourt, Brace & Company, c[c1927] axiv, 440 p. : bfront., plates, fold. map.c23 cm. aBibliographical foot-notes. 0aWomenzIndia. 0aIndiaxSocial conditions. 0aIndiaxEconomic conditionsy1918-1947.